20 meilleurs joueurs de tennis Italiens actuels - Statistiques

Statistiques générales
  • Ce quiz a été pris 252 fois
    238 depuis la dernière actualisation
  • Le résultat moyen est 6 sur 20
Statistiques - réponses
Numéro Classement Joueurs % Correct
1 6 Berrettini
97%
2 10 Sinner
97%
4 38 Fognini
82%
5 57 Musetti
74%
3 21 Sonego
63%
7 95 Cecchinatto
30%
14 199 Cobolli
26%
9 101 Seppi
20%
8 99 Travaglia
13%
10 146 Caruso
12%
6 65 Mager
11%
20 250 Zeppieri
11%
19 221 Pellegrino
5%
13 189 Agamenone
4%
11 159 Gaio
4%
16 204 Giustino
4%
15 202 Fabbiano
3%
12 184 Gianessi
3%
18 208 Marcora
3%
17 205 Moroni
2%
Aucun quiz correspondant
Distribution des résultats
% des personnes avec chaque résultat
Percentile par nombre de réponses
Votre historique - résultats
Vous n’avez pas pris ce quiz depuis la dernière actualisation